Central Library and Information Centre
Sibsagar Girls' College, Sivasagar : Assam

BOTAHAOT KOR GODHULI GOPAL (AUTOBIOGRAPHY) (Record no. 3630)

MARC details
000 -LEADER
fixed length control field 00426cam a2200169ua 4500
008 - FIXED-LENGTH DATA ELEMENTS--GENERAL INFORMATION
fixed length control field 131204n II |||gr||||Z||||||asm
040 ## - CATALOGING SOURCE
Original cataloging agency MAIN
041 ## - LANGUAGE CODE
-- English
082 ## - DEWEY DECIMAL CLASSIFICATION NUMBER
Classification number 920 GOH
100 ## - MAIN ENTRY--PERSONAL NAME
Personal name GOHAIN, DR.HIREN.
245 ## - TITLE STATEMENT
Title BOTAHAOT KOR GODHULI GOPAL (AUTOBIOGRAPHY)
260 ## - PUBLICATION, DISTRIBUTION, ETC.
Place of publication, distribution, etc. GUWAHATI:
Name of publisher, distributor, etc. PODATIK PUB.,
Date of publication, distribution, etc. 2005.
300 ## - PHYSICAL DESCRIPTION
Extent 240:
Dimensions 22CM.
942 ## - ADDED ENTRY ELEMENTS (KOHA)
Koha item type Books
653 ## - INDEX TERM--UNCONTROLLED
Uncontrolled term Biography, genealogy & insignia
Holdings
Withdrawn status Lost status Damaged status Not for loan Collection code Home library Current library Shelving location Date acquired Total Checkouts Full call number Barcode Date last seen Date last checked out Copy number Price effective from Koha item type
        General Reference Central Library and Information Centre Sibsagar Girls College Central Library and Information Centre Sibsagar Girls College Biography 01.08.2006 1 920 GOH 21203 02.11.2023 16.10.2023 1 27.02.2020 Books


Sibsagar Girl's College © 2020. All rights reserved.
Powered by Koha.
Maintained by Abhijit Borpuzari.